00330nam a2200121Ia 4500008004100000041000800041082001700049100002200066245004200088260004100130300003000171365000700201240624s9999 xx 000 0 und d aeng a658.4022 HAR aHARDINGHAM ALISON aTEAMWORK IN PRACTICE PULLING TOGETHER c2004aMumbaibJaico Publishing House avi, : 190 : p. : cm. ; 24 cRS